2つ以上の駅名に使われている漢字(サドンデス)② - Statistics

General Stats
  • This quiz has been taken 37 times
  • The average score is 15 of 60
Answers on the Grid
Answers color-coded by a green-red scale on the quiz's grid according to % correct below.
橿
椿
寿
 
Answer Stats
Answer % Correct
岐阜駅、名鉄岐阜駅、岐阜羽島駅、西岐阜駅、モレラ岐阜駅
58%
釧路駅、東釧路駅、釧路湿原駅
52%
橿原神宮前駅、橿原神宮西口駅 橿
48%
綱島駅、新綱島駅
48%
稚内駅、南稚内駅、稚子塚駅
48%
鳩ケ谷駅、南鳩ケ谷駅、鳩ノ巣駅
45%
敦賀駅、西敦賀駅
42%
曳舟駅、京成曳舟駅、曳馬駅、千曳駅
39%
和歌山駅、和歌山市駅、和歌山港駅、和歌山大学前駅
35%
各務ケ原駅、名電各務原駅、各務原市役所前駅、務田駅
35%
堀切菖蒲園駅、菖蒲池駅
35%
表参道駅、表木山駅
32%
諫早駅、東諫早駅、西諫早駅、本諫早駅、諫早東高校駅
32%
庚申塚駅、新庚申塚駅
32%
産業振興センター駅、興戸駅、妙興寺駅、興津駅、上総興津駅
32%
馬喰町駅、馬喰横山駅、鮎喰駅、宍喰駅
32%
梁川駅(福島県、山梨県)、備中高梁駅、梁瀬駅
32%
萱島駅、箕面萱野駅、萱町六丁目駅、中萱駅、萱草駅
32%
桔梗駅、桔梗が丘駅
32%
狛江駅、上狛駅、狛田駅、下狛駅
32%
星置駅、笠置駅、紀伊日置駅、置賜駅
29%
小諸駅、東小諸駅、上諸江駅、諸寄駅
29%
青砥駅、砥堀駅、荒砥駅
29%
寿駅、恵比寿駅、久寿川駅 寿
29%
浮間舟渡駅、浮孔駅、浮鞭駅
29%
高麗川駅、高麗駅
29%
千駄ヶ谷駅、千駄木駅、駄科駅
26%
霧島神宮駅、霧島温泉駅、朝霧駅
26%
見沼代親水公園駅、親不知駅、親鼻駅
26%
額田駅(大阪府、茨城県)、額住宅前駅
26%
鶯谷駅、鶯野駅、鶯巣駅
26%
国会議事堂前駅、国際会議場前駅、商工会議所前駅
23%
松任駅、西松任駅
23%
伴駅、伴中央駅
23%
沓掛駅、安曇沓掛駅、日向沓掛駅
23%
医療センター駅、急患医療センター前駅、再春医療センター前駅、北海道理医療大学駅
23%
嘉川駅、上嘉川駅、嘉例川駅、嘉瀬駅
23%
毘沙門台駅、毘沙門駅
23%
揖斐駅、揖屋駅
23%
都府楼前駅、都府楼南駅
23%
払川駅、勇払駅
19%
知床斜里駅、中斜里駅
19%
撫養駅、撫牛子駅
19%
五稜郭駅、五稜郭公園前駅
16%
南万騎が原駅、騎射場駅
16%
長者町駅、伊勢佐木長者町駅、長者原駅、長者ヶ浜潮騒はまなす公園前駅
16%
崇禅寺駅、崇福寺駅、崇城大学前駅
16%
庶路駅、西庶路駅
16%
樋口駅、樋越駅
13%
代官山駅、代官町駅
13%
菰野駅、中菰野駅
13%
大藪駅、藪原駅、藪神駅
13%
豪徳寺駅、豪渓駅
13%
楡原駅、楡木駅
13%
天童駅、天童南駅、今川河童駅
10%
蚕ノ社駅、蚕桑駅
10%
椿駅、羽前椿駅、ウェスパ椿山駅 椿
6%
資生館小学校前駅、陶磁資料館南駅、原爆資料館駅
6%
修大協創中高前駅、西大寺町・岡山芸術創造劇場ハレノワ前駅
6%
心臓血管センター駅、芳賀町工業団地管理センター前駅
3%
No matching quizzes found
Score Distribution
Percent of People with Each Score
Percentile by Number Answered
Your Score History
You have not taken this quiz